Liste des noms de Pokémon finissant par I - Statistiques

Statistiques générales
  • Ce quiz a été pris 83 fois
  • Le résultat moyen est 31 sur 56
Statistiques - réponses
Pokémon % Correct
Aquali
100%
Évoli
100%
Givrali
100%
Mentali
100%
Noctali
100%
Pyroli
100%
Voltali
100%
Phyllali
97%
Nymphali
91%
Togepi
73%
Lippouti
70%
Ptiravi
70%
Vémini
67%
Arkéapti
64%
Négapi
64%
Posipi
64%
Zarbi
64%
Apitrini
61%
Cheniti
61%
Entei
61%
Oniglali
61%
Celebi
58%
Mimiqui
58%
Charbi
55%
Jirachi
55%
Manzaï
55%
Pomdrapi
55%
Charibari
52%
Sancoki
52%
Gloupti
48%
Regieleki
48%
Solochi
48%
Tutétékri
48%
Hyporoi
45%
Nosferapti
45%
Stari
45%
Victini
45%
Vrombi
45%
Amphinobi
42%
Charpenti
42%
Gruikui
42%
Blizzi
39%
Katagami
39%
Magnéti
39%
Braségali
36%
Étourmi
36%
Olivini
36%
Craparoi
33%
Crustabri
33%
Pomdorochi
33%
Blizzaroi
27%
Darkrai
27%
Maracachi
27%
Psystigri
27%
Sarmuraï
21%
Théffroi
15%
Aucun quiz correspondant
Distribution des résultats
% des personnes avec chaque résultat
Percentile par nombre de réponses
Votre historique - résultats
Vous n’avez pas pris ce quiz